Ghosthunters and the muddy monster of doom! / (Record no. 110695)
[ view plain ]
| 000 -LEADER | |
|---|---|
| fixed length control field | 00501nam a2200181 a 4500 |
| 005 - DATE AND TIME OF LATEST TRANSACTION | |
| control field | 20140414131902.0 |
| 008 - FIXED-LENGTH DATA ELEMENTS--GENERAL INFORMATION | |
| fixed length control field | 100920s19uu xx 00 eng d |
| 050 ## - LIBRARY OF CONGRESS CALL NUMBER | |
| Classification number | FIC |
| Item number | F95 2007 |
| 100 ## - MAIN ENTRY--PERSONAL NAME | |
| Personal name | Funke, Cornelia Caroline. |
| 245 ## - TITLE STATEMENT | |
| Title | Ghosthunters and the muddy monster of doom! / |
| Statement of responsibility, etc | by Cornelia Funke. |
| 250 ## - EDITION STATEMENT | |
| Edition statement | 1st American ed. |
| 260 ## - PUBLICATION, DISTRIBUTION, ETC. (IMPRINT) | |
| Place of publication, distribution, etc | New York : |
| Name of publisher, distributor, etc | Scholastic, |
| Date of publication, distribution, etc | 2007. |
| 520 ## - SUMMARY, ETC. | |
| Summary, etc | |
| 650 ## - SUBJECT ADDED ENTRY--TOPICAL TERM | |
| Topical term or geographic name as entry element | Ghosts --Fiction. |
| 650 ## - SUBJECT ADDED ENTRY--TOPICAL TERM | |
| Topical term or geographic name as entry element | Fire --Fiction. |
| Withdrawn status | Lost status | Damaged status | Home library | Current library | Shelving location | Date acquired | Total Checkouts | Full call number | Barcode | Date last seen | Price effective from | Koha item type |
|---|---|---|---|---|---|---|---|---|---|---|---|---|
| Munich Library | Munich Library | Fiction Section | 09/20/2010 | FIC F95 2007 | M1167 | 04/14/2014 | 04/14/2014 | Books | ||||
| Munich Library | Munich Library | Fiction Section | 09/20/2010 | FIC F95 2007 | M1168 | 04/14/2014 | 04/14/2014 | Books |